000 00610nam a2200229 a 4500
005 20210219153250.0
008 991125n 000 0 u
035 _aUPN01000087275
100 _aFuller, Theodore
222 _aSCHOOL COUNSELOR
245 _aMasked depression in maladaptive black adolescents
300 _a24-31
362 _a40, No. 1, 1992
505 _aMarzo 1993
653 0 _aADOLESCENTES
653 0 _aDEPRESION (PSICOLOGIA)
653 0 _aDIAGNOSTICO EDUCATIVO
653 0 _aJOVENES NEGROS
653 0 _aTRASTORNOS EMOCIONALES
904 _aAC
_b025086
905 _aArticulo
999 _c72490
_d72490